00337nam a2200145Ia 4500008004100000041000800041082001700049100001500066245004000081250001100121260002500132300000800157365000700165650001900172240702s2023 xx 000 0 und d aeng a615.321 /KAL aA.N.Kalia  aTextbook of Industry Pharmacognosy  aRe2024 bCBS Publishingc2023 a285 cBV aPharmacognosy